Bihar Ki Mahan Hastiyan / (Record no. 1901)

MARC details
000 -LEADER
fixed length control field 00569nam a22002057a 4500
003 - CONTROL NUMBER IDENTIFIER
control field OSt
005 - DATE AND TIME OF LATEST TRANSACTION
control field 20260306124951.0
008 - FIXED-LENGTH DATA ELEMENTS--GENERAL INFORMATION
fixed length control field 260306b |||||||| |||| 00| 0 eng d
020 ## - INTERNATIONAL STANDARD BOOK NUMBER
International Standard Book Number 9789355216199
040 ## - CATALOGING SOURCE
Language of cataloging English
Transcribing agency Central Library IIT Goa
082 ## - DEWEY DECIMAL CLASSIFICATION NUMBER
Classification number 920.954
Item number SIN
100 ## - MAIN ENTRY--PERSONAL NAME
Personal name Singh, Lalit Kumar
Relator term author
9 (RLIN) 3755
245 ## - TITLE STATEMENT
Title Bihar Ki Mahan Hastiyan /
Statement of responsibility, etc. Lalit Kumar Singh
260 ## - PUBLICATION, DISTRIBUTION, ETC.
Place of publication, distribution, etc. New Delhi :
Name of publisher, distributor, etc. Prabhat Prakashan Pvt. Ltd. ,
Date of publication, distribution, etc. 2025
300 ## - PHYSICAL DESCRIPTION
Extent 208p.
650 ## - SUBJECT ADDED ENTRY--TOPICAL TERM
Topical term or geographic name entry element Hindi
9 (RLIN) 2694
650 ## - SUBJECT ADDED ENTRY--TOPICAL TERM
Topical term or geographic name entry element Biography
9 (RLIN) 2827
650 ## - SUBJECT ADDED ENTRY--TOPICAL TERM
Topical term or geographic name entry element Bihar
9 (RLIN) 3756
942 ## - ADDED ENTRY ELEMENTS (KOHA)
Source of classification or shelving scheme Dewey Decimal Classification
Koha item type Books
Holdings
Withdrawn status Lost status Source of classification or shelving scheme Damaged status Not for loan Collection code Home library Current library Shelving location Date acquired Source of acquisition Cost, normal purchase price Total Checkouts Full call number Barcode Date last seen Copy number Cost, replacement price Price effective from Koha item type Public note
    Dewey Decimal Classification     Hindi IIT Goa Central Library IIT Goa Central Library Fiction 2026-03-06 Rajasthani Granthagar 400.00   920.954 SIN 4646 2026-03-06 1 400.00 2026-03-06 Books RG/2526/656||11-02-2026||20.00%